Around and about : (Record no. 6016)
[ view plain ]
| 000 -LEADER | |
|---|---|
| fixed length control field | 00903nam a2200277 a 4500 |
| 001 - CONTROL NUMBER | |
| JCCL Control Number | 6016 |
| 003 - CONTROL NUMBER IDENTIFIER | |
| JCCL marc code | BD-JhCC |
| 005 - DATE AND TIME OF LATEST TRANSACTION | |
| control field | 20171231195325.0 |
| 008 - FIXED-LENGTH DATA ELEMENTS--GENERAL INFORMATION | |
| fixed length control field | 171231s2004 sa a 001 0aeng d |
| 020 ## - INTERNATIONAL STANDARD BOOK NUMBER | |
| International Standard Book Number | 0864866607 |
| 035 ## - SYSTEM CONTROL NUMBER | |
| system control number | (BD-JhCC)6016 |
| 035 ## - SYSTEM CONTROL NUMBER | |
| system control number | (CtY)6760444 |
| 040 ## - CATALOGING SOURCE | |
| Original cataloging agency | BD-JhCC |
| Transcribing agency | UKM |
| Modifying agency | BD-JhCC |
| -- | DLC |
| 041 ## - LANGUAGE CODE | |
| Language code of Book | eng |
| 050 00 - LIBRARY OF CONGRESS CALL NUMBER | |
| Classification number | PN5476.G74 |
| Item number | A3 2004 |
| 082 04 - DEWEY DECIMAL CLASSIFICATION NUMBER | |
| Classification number | 070.41092 |
| DDC Edition number | 22 |
| Author mark and Year | ARO 2004 |
| 100 1# - MAIN ENTRY--PERSONAL NAME | |
| Personal name | Green, Michael. |
| 245 10 - TITLE STATEMENT | |
| Title | Around and about : |
| Remainder of title | memoirs of a South African newspaperman / |
| Statement of responsibility, etc | Michael Green. |
| 260 ## - PUBLICATION, DISTRIBUTION, ETC. (IMPRINT) | |
| Place of publication, distribution, etc | Claremont, South Africa : |
| Name of publisher, distributor, etc | David Philip ; |
| Place of publication, distribution, etc | [Johannesburg : |
| Name of publisher, distributor, etc | [Distributed by] Thorold's Africana Books], |
| Date of publication, distribution, etc | 2004. |
| 300 ## - PHYSICAL DESCRIPTION | |
| Pagination | vii, 126 p. : |
| Other physical details | ill. ; |
| Dimensions | 18 cm. |
| 500 ## - GENERAL NOTE | |
| General note | Distributor from label on p. [2] of cover. |
| 500 ## - GENERAL NOTE | |
| General note | Includes index. |
| 600 10 - SUBJECT ADDED ENTRY--PERSONAL NAME | |
| Personal name | Green, Michael. |
| 650 #0 - SUBJECT ADDED ENTRY--TOPICAL TERM | |
| Topical term or geographic name as entry element | Newspaper editors |
| Geographic subdivision | South Africa |
| Form subdivision | Biography. |
| 942 ## - ADDED ENTRY ELEMENTS (KOHA) | |
| Source of classification or shelving scheme | Dewey Decimal Classification |
| Koha item type | Books |
| Source of classification or shelving scheme | Damaged status | Not for loan | Home library | Current library | Shelving location | Date of accession | Total Checkouts | Full call number | Barcode | Date last seen | Copy number | Koha item type |
|---|---|---|---|---|---|---|---|---|---|---|---|---|
| Dewey Decimal Classification | JCC Rouf Library | JCC Rouf Library | General Stacks | 12/31/2017 | 070.41092 ARO 2004 | 5922 | 12/31/2017 | C - 1 | Books |